|
|
|
|
| LEADER |
01399nam a2200385Ia 4500 |
| 001 |
EBC3408350 |
| 003 |
MiAaPQ |
| 005 |
20200520144314.0 |
| 006 |
m o d | |
| 007 |
cr cn||||||||| |
| 008 |
930115s1994 nyu sb s001 0 eng d |
| 010 |
|
|
|z 93000203
|
| 020 |
|
|
|z 0791417417
|
| 020 |
|
|
|z 0791417425 (pbk.)
|
| 020 |
|
|
|z 9780791417416
|
| 020 |
|
|
|z 9781438416243
|
| 035 |
|
|
|a (MiAaPQ)EBC3408350
|
| 035 |
|
|
|a (Au-PeEL)EBL3408350
|
| 035 |
|
|
|a (CaPaEBR)ebr10588901
|
| 035 |
|
|
|a (OCoLC)923416014
|
| 040 |
|
|
|a MiAaPQ
|c MiAaPQ
|d MiAaPQ
|
| 050 |
|
4 |
|a HC415.25
|b .P578 1994
|
| 082 |
0 |
4 |
|a 338.95694
|2 20
|
| 100 |
1 |
|
|a Plessner, Yakir,
|d 1935-
|
| 245 |
1 |
4 |
|a The political economy of Israel
|h [electronic resource] :
|b from ideology to stagnation /
|c Yakir Plessner.
|
| 260 |
|
|
|a Albany :
|b State University of New York Press,
|c c1994.
|
| 300 |
|
|
|a xii, 328 p.
|
| 440 |
|
0 |
|a SUNY series in Israeli studies
|
| 504 |
|
|
|a Includes bibliographical references (p. [285]-318) and index.
|
| 533 |
|
|
|a Electronic reproduction. Ann Arbor, MI : ProQuest, 2015. Available via World Wide Web. Access may be limited to ProQuest affiliated libraries.
|
| 651 |
|
0 |
|a Israel
|x History.
|
| 651 |
|
0 |
|a Israel
|x Economic conditions.
|
| 655 |
|
4 |
|a Electronic books.
|
| 710 |
2 |
|
|a ProQuest (Firm)
|
| 856 |
4 |
0 |
|u https://ebookcentral.proquest.com/lib/matrademy/detail.action?docID=3408350
|z Click to View
|